[Event "1 division 2002/03"]
[Site "Denmark"]
[Date "2003.01.12"]
[Round "4.6"]
[White "Pedersen, Hans Dahl"]
[Black "Hutters, Tomas"]
[Result "1/2-1/2"]
[WhiteElo "2211"]
[BlackElo "2392"]
[PlyCount "43"]
[EventDate "2002.11.03"]
[EventType "team-tourn"]
[EventRounds "7"]
[EventCountry "DEN"]
[WhiteTeam "Sydkysten"]
[BlackTeam "Helsinge"]
[WhiteTeamCountry "DEN"]
[BlackTeamCountry "DEN"]

1. c4 e5 2. g3 Nf6 3. Bg2 d5 4. cxd5 Nxd5 5. Nf3 Nc6 6. O-O Nb6 7. d3 Be7 8.
Nbd2 O-O 9. a3 a5 10. b3 Be6 11. Bb2 f6 12. Qc2 Rf7 13. e3 Bd5 14. Bh3 Rf8 15.
d4 exd4 16. Nxd4 Nxd4 17. Bxd4 Bc6 18. Bf5 g6 19. Bxg6 hxg6 20. Qxg6+ Kh8 21.
Qh6+ Kg8 22. Qg6+ 1/2-1/2

[Event "1 division 2002/03"]
[Site "Denmark"]
[Date "2003.01.12"]
[Round "4.7"]
[White "Fries Nielsen, Niels Jorgen"]
[Black "Pedersen, Henrik Dahl"]
[Result "1-0"]
[WhiteElo "2379"]
[BlackElo "2242"]
[PlyCount "59"]
[EventDate "2002.11.03"]
[EventType "team-tourn"]
[EventRounds "7"]
[EventCountry "DEN"]
[WhiteTeam "Helsinge"]
[BlackTeam "Sydkysten"]
[WhiteTeamCountry "DEN"]
[BlackTeamCountry "DEN"]

1. Nc3 d5 2. d4 Nf6 3. Bg5 Bf5 4. Bxf6 gxf6 5. e3 c6 6. Bd3 Qd7 7. Nge2 h5 8.
e4 Bg4 9. f3 Be6 10. f4 dxe4 11. Nxe4 Bd5 12. N2c3 Bxe4 13. Bxe4 f5 14. Bf3 Bg7
15. Ne2 Na6 16. c3 Qd6 17. Ng3 h4 18. Ne2 Nc7 19. Qb3 Rb8 20. O-O Ne6 21. Qc2
c5 22. dxc5 Qxc5+ 23. Kh1 Bh6 24. b4 Qe3 25. Qxf5 Rg8 26. Rad1 Rc8 27. Rd3 Qb6
28. Bh5 Rg7 29. Nd4 Rc4 30. Nxe6 1-0

[Event "1 division 2002/03"]
[Site "Denmark"]
[Date "2003.01.12"]
[Round "4.1"]
[White "Holst, Allan"]
[Black "Skytte, Rasmus"]
[Result "1-0"]
[WhiteElo "2369"]
[BlackElo "2402"]
[PlyCount "103"]
[EventDate "2002.11.03"]
[EventType "team-tourn"]
[EventRounds "7"]
[EventCountry "DEN"]
[WhiteTeam "SK 1968"]
[BlackTeam "Aarhus"]
[WhiteTeamCountry "DEN"]
[BlackTeamCountry "DEN"]

1. d4 e6 2. Bf4 c5 3. c3 Qb6 4. Qc2 cxd4 5. cxd4 Nc6 6. e3 Nf6 7. Nc3 d5 8. a3
Bd7 9. Nf3 Rc8 10. Bd3 Nh5 11. Be5 f6 12. Bg3 f5 13. Be5 Nf6 14. Bxf6 gxf6 15.
O-O Na5 16. Nd2 Rg8 17. Rac1 Bd6 18. Be2 Nc6 19. Kh1 Ne7 20. g3 a6 21. Qb1 Qa5
22. Qa2 Kf7 23. b4 Qd8 24. Nb3 Bc6 25. Qb2 Qf8 26. Na5 Qh6 27. Rg1 Bxg3 28.
fxg3 Qxe3 29. Bh5+ Ng6 30. Rgd1 e5 31. Qe2 exd4 32. Qxe3 dxe3 33. Ne2 Bb5 34.
Nxb7 Bxe2 35. Bxe2 Rxc1 36. Rxc1 f4 37. Rc7+ Ke6 38. Nc5+ Kf5 39. Rxh7 fxg3 40.
Rh5+ Kf4 41. Ne6+ Ke4 42. hxg3 Rc8 43. Nc5+ Kd4 44. Bxa6 Re8 45. Be2 Ne5 46.
Na4 Nd3 47. Kg2 Ne1+ 48. Kf1 Nc2 49. b5 Nxa3 50. b6 Rb8 51. Bf3 Nc4 52. Rxd5#
1-0

[Event "1 division 2002/03"]
[Site "Denmark"]
[Date "2003.01.12"]
[Round "4.2"]
[White "Pedersen, Jan"]
[Black "Lindfeldt, Jan Magnus"]
[Result "1-0"]
[WhiteElo "2407"]
[BlackElo "2246"]
[PlyCount "71"]
[EventDate "2002.11.03"]
[EventType "team-tourn"]
[EventRounds "7"]
[EventCountry "DEN"]
[WhiteTeam "Aarhus"]
[BlackTeam "SK 1968"]
[WhiteTeamCountry "DEN"]
[BlackTeamCountry "DEN"]

1. d4 g6 2. e4 Bg7 3. Nc3 c6 4. Nf3 b5 5. Bd3 d6 6. h3 a6 7. O-O Nd7 8. a4 Bb7
9. Qe2 b4 10. Nb1 c5 11. c3 Ngf6 12. cxb4 cxb4 13. a5 O-O 14. Nbd2 Nh5 15. Nb3
e5 16. dxe5 Nxe5 17. Nxe5 Bxe5 18. Bh6 Re8 19. Rad1 Qh4 20. Qd2 Nf4 21. Bxf4
Bxf4 22. Qxb4 Rab8 23. Qa4 d5 24. Nc5 dxe4 25. Bc4 e3 26. Bxf7+ Kxf7 27. fxe3
Kg8 28. Rxf4 Qg3 29. Qb3+ Kh8 30. Qc3+ Kg8 31. Qc4+ Kh8 32. Qd4+ Kg8 33. Nxb7
Rxb7 34. Qd5+ Kh8 35. Qxb7 Qxe3+ 36. Rf2 1-0

[Event "1 division 2002/03"]
[Site "Denmark"]
[Date "2003.01.12"]
[Round "4.3"]
[White "Matthiesen, Martin"]
[Black "Andersen, Jackie"]
[Result "0-1"]
[WhiteElo "2285"]
[BlackElo "2274"]
[PlyCount "56"]
[EventDate "2002.11.03"]
[EventType "team-tourn"]
[EventRounds "7"]
[EventCountry "DEN"]
[WhiteTeam "SK 1968"]
[BlackTeam "Aarhus"]
[WhiteTeamCountry "DEN"]
[BlackTeamCountry "DEN"]

1. d4 b5 2. e4 Bb7 3. Bxb5 Bxe4 4. Nf3 e6 5. O-O Nf6 6. Re1 Be7 7. c4 O-O 8.
Nc3 Bb7 9. Ba4 d6 10. Bc2 Nbd7 11. Bg5 c5 12. dxc5 Nxc5 13. Nd4 Rc8 14. Qd2 d5
15. cxd5 Nxd5 16. Bxe7 Qxe7 17. Nxd5 Bxd5 18. Re3 Qf6 19. b4 Nb7 20. Rd1 Rfd8
21. Qd3 g6 22. Qa6 Rd6 23. Qa4 Bxg2 24. Kxg2 Rxd4 25. Rxd4 Qxd4 26. Bb3 Qg4+
27. Rg3 Qe4+ 28. Kg1 Rc1+ 0-1

[Event "1 division 2002/03"]
[Site "Denmark"]
[Date "2003.01.12"]
[Round "4.4"]
[White "Husted, Peter"]
[Black "Bank, Pelle Rodkjaer"]
[Result "1-0"]
[WhiteElo "2191"]
[BlackElo "2279"]
[PlyCount "71"]
[EventDate "2002.11.03"]
[EventType "team-tourn"]
[EventRounds "7"]
[EventCountry "DEN"]
[WhiteTeam "Aarhus"]
[BlackTeam "SK 1968"]
[WhiteTeamCountry "DEN"]
[BlackTeamCountry "DEN"]

1. d4 g6 2. e4 Bg7 3. c3 d5 4. exd5 Qxd5 5. Be2 c5 6. Bf3 Qe6+ 7. Ne2 cxd4 8.
cxd4 Nf6 9. Nbc3 O-O 10. O-O Rd8 11. Bf4 Qf5 12. Qa4 g5 13. Bc7 Re8 14. h3 Qd7
15. Bh2 Qxa4 16. Nxa4 Nbd7 17. Rfd1 h5 18. Nec3 g4 19. hxg4 hxg4 20. Be2 a6 21.
f3 b5 22. Nc5 Nb6 23. Be5 Nbd5 24. Nxd5 Nxd5 25. Bxg7 Kxg7 26. fxg4 Ne3 27. Rd3
Nc4 28. b3 Nb6 29. Bf3 Ra7 30. a4 bxa4 31. bxa4 Rd8 32. Rb1 Nd7 33. Re3 e5 34.
Nb3 exd4 35. Nxd4 Nc5 36. Nc6 1-0

[Event "1 division 2002/03"]
[Site "Denmark"]
[Date "2003.01.12"]
[Round "4.5"]
[White "Matthiesen, Arne"]
[Black "Jensen, Jacob Bjerre"]
[Result "1-0"]
[WhiteElo "2286"]
[BlackElo "2169"]
[PlyCount "51"]
[EventDate "2002.11.03"]
[EventType "team-tourn"]
[EventRounds "7"]
[EventCountry "DEN"]
[WhiteTeam "SK 1968"]
[BlackTeam "Aarhus"]
[WhiteTeamCountry "DEN"]
[BlackTeamCountry "DEN"]

1. d4 d5 2. c4 e6 3. Nc3 c6 4. e3 Nf6 5. Nf3 Nbd7 6. Be2 Bd6 7. O-O a6 8. b3 b5
9. Qc2 Bb7 10. e4 dxe4 11. Nxe4 Nxe4 12. Qxe4 Qc7 13. Qg4 Kf8 14. c5 Be7 15.
Bf4 Qd8 16. Qg3 Nf6 17. Be5 Ne8 18. Rad1 Qa5 19. Rd2 Rd8 20. Rfd1 Bc8 21. Bd3
f6 22. Bb8 Qb4 23. Be4 Bd7 24. Ba7 g5 25. Ne1 f5 26. Nc2 1-0

[Event "1 division 2002/03"]
[Site "Denmark"]
[Date "2003.01.12"]
[Round "4.6"]
[White "Pedersen, Jan Rode"]
[Black "Hansen, Lars"]
[Result "1-0"]
[WhiteElo "2160"]
[BlackElo "2217"]
[PlyCount "99"]
[EventDate "2002.11.03"]
[EventType "team-tourn"]
[EventRounds "7"]
[EventCountry "DEN"]
[WhiteTeam "Aarhus"]
[BlackTeam "SK 1968"]
[WhiteTeamCountry "DEN"]
[BlackTeamCountry "DEN"]

1. e4 g6 2. d4 Bg7 3. Nc3 c6 4. f4 Qb6 5. Nf3 d5 6. e5 Bg4 7. Be2 Nd7 8. O-O e6
9. Kh1 Ne7 10. Na4 Qc7 11. Be3 Nf5 12. Qd2 h5 13. Ng5 Bf8 14. Bd3 b5 15. Nc3
Nb6 16. Bf2 Nh6 17. a4 Nc4 18. Qc1 b4 19. Nb1 Na5 20. Nd2 Bf5 21. Bxf5 Nxf5 22.
c4 Qb7 23. Qc2 Be7 24. b3 O-O 25. Rad1 Rab8 26. Kg1 Qa6 27. c5 Qc8 28. Rde1
Bxg5 29. fxg5 Qd8 30. Nf3 Kg7 31. g3 Qe7 32. h3 Kg8 33. Kg2 Ng7 34. Be3 Rb7 35.
Nh2 Nf5 36. Qd3 Rfb8 37. Nf3 Qf8 38. g4 Ng7 39. Bd2 Qd8 40. Nh4 Rd7 41. Rf3 Qe8
42. Ref1 Rbb7 43. Rf6 Re7 44. Qf3 Rb8 45. Kh2 Kh7 46. Ng2 Kg8 47. Nf4 Qd8 48.
gxh5 gxh5 49. Nxh5 Nxb3 50. Rh6 1-0

[Event "1 division 2002/03"]
[Site "Denmark"]
[Date "2003.01.12"]
[Round "4.7"]
[White "Sobjerg, Erik"]
[Black "Jensen, Vagn"]
[Result "1/2-1/2"]
[WhiteElo "2251"]
[BlackElo "2158"]
[PlyCount "29"]
[EventDate "2002.11.03"]
[EventType "team-tourn"]
[EventRounds "7"]
[EventCountry "DEN"]
[WhiteTeam "SK 1968"]
[BlackTeam "Aarhus"]
[WhiteTeamCountry "DEN"]
[BlackTeamCountry "DEN"]

1. e4 c5 2. Nf3 e6 3. Nc3 a6 4. d4 cxd4 5. Nxd4 Qc7 6. Bd3 Nf6 7. Qe2 d6 8. Bg5
Be7 9. f4 h6 10. Bxf6 Bxf6 11. Qf2 Nc6 12. Nde2 b5 13. O-O Qa7 14. a4 Qxf2+ 15.
Kxf2 1/2-1/2

[Event "1 division 2002/03"]
[Site "Denmark"]
[Date "2003.01.12"]
[Round "4.1"]
[White "Pedersen, Christian Kyndel"]
[Black "Rasmussen, Karsten"]
[Result "1/2-1/2"]
[WhiteElo "2279"]
[BlackElo "2386"]
[PlyCount "85"]
[EventDate "2002.11.03"]
[EventType "team-tourn"]
[EventRounds "7"]
[EventCountry "DEN"]
[WhiteTeam "Nordre"]
[BlackTeam "Skolerne"]
[WhiteTeamCountry "DEN"]
[BlackTeamCountry "DEN"]

1. d4 Nf6 2. c4 e6 3. Nf3 d5 4. Nc3 dxc4 5. e3 a6 6. Bxc4 b5 7. Bb3 Bb7 8. O-O
c5 9. Qe2 Nbd7 10. Rd1 Be7 11. e4 b4 12. e5 bxc3 13. exf6 Nxf6 14. Ba4+ Kf8 15.
dxc5 Qc7 16. b4 a5 17. a3 Nd5 18. Ne5 axb4 19. axb4 Bf6 20. Nd7+ Ke7 21. Nxf6
gxf6 22. Qc4 Nb6 23. Bf4 Nxc4 24. Bxc7 Bd5 25. Rdc1 Rhc8 26. Bg3 e5 27. Rxc3
Rcb8 28. Rcc1 Rxb4 29. Bc2 h6 30. Rxa8 Bxa8 31. Bd3 Nb2 32. Be2 Bc6 33. f3 Na4
34. Bf2 Rb3 35. Bd1 Rc3 36. Rxc3 Nxc3 37. Bb3 f5 38. Be3 f4 39. Bd2 Ne2+ 40.
Kf2 Nd4 41. Bc4 f6 42. Be3 Ne6 43. Bxe6 1/2-1/2

[Event "1 division 2002/03"]
[Site "Denmark"]
[Date "2003.01.12"]
[Round "4.2"]
[White "Sorensen, Jan"]
[Black "Nielsen, Poul Erik"]
[Result "1/2-1/2"]
[WhiteElo "2405"]
[BlackElo "2219"]
[PlyCount "35"]
[EventDate "2002.11.03"]
[EventType "team-tourn"]
[EventRounds "7"]
[EventCountry "DEN"]
[WhiteTeam "Skolerne"]
[BlackTeam "Nordre"]
[WhiteTeamCountry "DEN"]
[BlackTeamCountry "DEN"]

1. e4 g6 2. d4 Bg7 3. Nc3 a6 4. f4 b5 5. Nf3 d6 6. Bd3 Nd7 7. a4 b4 8. Ne2 d5
9. Ne5 Ndf6 10. exd5 Nh6 11. c4 bxc3 12. bxc3 Qxd5 13. O-O Bb7 14. Rf3 Qd8 15.
Rh3 Bc8 16. Rf3 Bb7 17. Rh3 Bc8 18. Rf3 1/2-1/2

[Event "1 division 2002/03"]
[Site "Denmark"]
[Date "2003.01.12"]
[Round "4.3"]
[White "Hoiberg, Nina"]
[Black "El Kher, Henrik"]
[Result "1/2-1/2"]
[WhiteElo "2248"]
[BlackElo "2390"]
[PlyCount "49"]
[EventDate "2002.11.03"]
[EventType "team-tourn"]
[EventRounds "7"]
[EventCountry "DEN"]
[WhiteTeam "Nordre"]
[BlackTeam "Skolerne"]
[WhiteTeamCountry "DEN"]
[BlackTeamCountry "DEN"]

1. e4 c5 2. Nf3 Nc6 3. Nc3 g6 4. d4 cxd4 5. Nxd4 Bg7 6. Nb3 Nf6 7. Be2 O-O 8.
O-O d6 9. Re1 Be6 10. Bf1 a5 11. a3 a4 12. Nd2 Ne5 13. Bb5 d5 14. exd5 Nxd5 15.
Nde4 Nxc3 16. Nxc3 Ng4 17. Qxd8 Rfxd8 18. h3 Bxc3 19. bxc3 Nf6 20. c4 Ne8 21.
Bg5 Kf8 22. Bh6+ Kg8 23. Bg5 Kf8 24. Bh6+ Kg8 25. Bg5 1/2-1/2

[Event "1 division 2002/03"]
[Site "Denmark"]
[Date "2003.01.12"]
[Round "4.4"]
[White "Kjeldsen, Jens"]
[Black "Christensen, Jan"]
[Result "1-0"]
[WhiteElo "2435"]
[BlackElo "2214"]
[PlyCount "67"]
[EventDate "2002.11.03"]
[EventType "team-tourn"]
[EventRounds "7"]
[EventCountry "DEN"]
[WhiteTeam "Skolerne"]
[BlackTeam "Nordre"]
[WhiteTeamCountry "DEN"]
[BlackTeamCountry "DEN"]

1. d4 Nf6 2. c4 c5 3. d5 b5 4. Nf3 g6 5. cxb5 a6 6. b6 Bg7 7. Nc3 O-O 8. e4 d6
9. Be2 Qxb6 10. Nd2 Nbd7 11. O-O Qc7 12. a4 Rb8 13. a5 Rb4 14. Nc4 Ne8 15. Bg5
Ne5 16. Nb6 Nf6 17. Qc2 Nxe4 18. Nxe4 Rxb2 19. Qd1 Bf5 20. f3 c4 21. Rc1 Bxe4
22. fxe4 Qc5+ 23. Kh1 c3 24. Na4 Qxa5 25. Nxb2 cxb2 26. Rb1 Qb6 27. Qa4 a5 28.
Bxe7 Ra8 29. Qb5 Qc7 30. Bg5 Rb8 31. Qa4 Rb4 32. Qe8+ Bf8 33. Bd2 Rb8 34. Qa4
1-0

[Event "1 division 2002/03"]
[Site "Denmark"]
[Date "2003.01.12"]
[Round "4.5"]
[White "Petersen, Tom Petri"]
[Black "Boe, Mads"]
[Result "1/2-1/2"]
[WhiteElo "2146"]
[BlackElo "2372"]
[PlyCount "112"]
[EventDate "2002.11.03"]
[EventType "team-tourn"]
[EventRounds "7"]
[EventCountry "DEN"]
[WhiteTeam "Nordre"]
[BlackTeam "Skolerne"]
[WhiteTeamCountry "DEN"]
[BlackTeamCountry "DEN"]

1. e4 c6 2. d4 d5 3. Nc3 dxe4 4. Nxe4 Bf5 5. Ng3 Bg6 6. Nf3 Nd7 7. h4 h6 8. h5
Bh7 9. Bd3 Bxd3 10. Qxd3 Ngf6 11. Bf4 Qa5+ 12. Bd2 Qc7 13. O-O-O e6 14. Ne4
O-O-O 15. Rh4 Nxe4 16. Qxe4 Be7 17. Rh3 Nf6 18. Qe5 Bd6 19. Qa5 Qxa5 20. Bxa5
Bf4+ 21. Bd2 Bc7 22. c4 Rhe8 23. Rh4 Bd6 24. Bf4 Be7 25. Bh2 Rg8 26. Kc2 Nd7
27. Re4 Bf6 28. Bg3 b5 29. cxb5 cxb5 30. d5 Nc5 31. Rb4 a6 32. d6 Kd7 33. Kb1
Rc8 34. Be5 Kc6 35. Rf4 Nd7 36. Bxf6 gxf6 37. g3 Kb6 38. Rfd4 Rc5 39. Rh4 Rf5
40. Rd3 Nc5 41. Rc3 Rd5 42. Rd4 Rxd4 43. Nxd4 b4 44. Rc4 a5 45. Nb3 Na6 46. d7
Rd8 47. Rf4 f5 48. g4 Rxd7 49. gxf5 e5 50. Rg4 a4 51. Nc1 Rd6 52. Re4 Rd5 53.
Rg4 e4 54. Rxe4 Rxf5 55. Nd3 Rxh5 56. Nxb4 Nc5 1/2-1/2

[Event "1 division 2002/03"]
[Site "Denmark"]
[Date "2003.01.12"]
[Round "4.6"]
[White "Vinter Schou, Uffe"]
[Black "Pedersen, Karl"]
[Result "1/2-1/2"]
[WhiteElo "2351"]
[BlackElo "2305"]
[PlyCount "77"]
[EventDate "2002.11.03"]
[EventType "team-tourn"]
[EventRounds "7"]
[EventCountry "DEN"]
[WhiteTeam "Skolerne"]
[BlackTeam "Nordre"]
[WhiteTeamCountry "DEN"]
[BlackTeamCountry "DEN"]

1. e4 e5 2. Nf3 Nc6 3. d4 exd4 4. Nxd4 Bc5 5. Be3 Qf6 6. c3 Nge7 7. Bc4 d6 8.
O-O Bd7 9. b4 Bb6 10. b5 Ne5 11. Be2 h5 12. Qd2 Qg6 13. f4 Ng4 14. f5 Qh7 15.
Bf4 d5 16. Bd3 O-O-O 17. Kh1 dxe4 18. Bxe4 Nf6 19. Bd3 Bxd4 20. cxd4 Bxf5 21.
Bxf5+ Nxf5 22. Qa5 Nd5 23. Rc1 Nd6 24. b6 Nxb6 25. Qxa7 Ndc4 26. Na3 Qe4 27.
Nxc4 Nxc4 28. Qa8+ Kd7 29. Qa4+ c6 30. Qxc4 Qxf4 31. Rf1 Qg4 32. Rxf7+ Kc8 33.
Qa4 Kb8 34. Raf1 Qxd4 35. Qa5 Rd7 36. Rf8+ Rd8 37. R8f7 Rd7 38. Rf8+ Rd8 39.
R8f7 1/2-1/2

[Event "1 division 2002/03"]
[Site "Denmark"]
[Date "2003.01.12"]
[Round "4.7"]
[White "Danstrup, Niels"]
[Black "Ochsner, Thomas"]
[Result "0-1"]
[WhiteElo "2130"]
[BlackElo "2355"]
[PlyCount "52"]
[EventDate "2002.11.03"]
[EventType "team-tourn"]
[EventRounds "7"]
[EventCountry "DEN"]
[WhiteTeam "Nordre"]
[BlackTeam "Skolerne"]
[WhiteTeamCountry "DEN"]
[BlackTeamCountry "DEN"]

1. e4 e5 2. Nf3 Nc6 3. c3 Nf6 4. d4 exd4 5. e5 Nd5 6. Bb5 a6 7. Ba4 Nb6 8. cxd4
Nxa4 9. Qxa4 d5 10. Bg5 f6 11. exf6 gxf6 12. Be3 Rg8 13. Qc2 Qd7 14. g3 Nb4 15.
Qe2 Qf5 16. Na3 Qe4 17. O-O Bg4 18. Kg2 O-O-O 19. Rfd1 f5 20. Rd2 Re8 21. Re1
Bd6 22. Bh6 Bxf3+ 23. Qxf3 Qxe1 24. Qxf5+ Qe6 25. Qh5 Qg6 26. Qh4 Qe4+ 0-1

[Event "1 division 2002/03"]
[Site "Denmark"]
[Date "2003.02.02"]
[Round "5.2"]
[White "Pilgaard, Kim"]
[Black "Ost Hansen, Jacob"]
[Result "1-0"]
[WhiteElo "2432"]
[BlackElo "2425"]
[PlyCount "79"]
[EventDate "2002.11.03"]
[EventType "team-tourn"]
[EventRounds "7"]
[EventCountry "DEN"]
[WhiteTeam "Bronshoj"]
[BlackTeam "Sydkysten"]
[WhiteTeamCountry "DEN"]
[BlackTeamCountry "DEN"]

1. e4 c5 2. Nf3 e6 3. d4 cxd4 4. Nxd4 Nc6 5. Nc3 a6 6. Nxc6 bxc6 7. Bd3 d5 8.
O-O Bd6 9. Re1 Ne7 10. Qh5 Bb4 11. a3 Bxc3 12. bxc3 Ng6 13. c4 dxc4 14. Bf1 e5
15. Be3 Be6 16. Bc5 Qa5 17. Bd6 Rd8 18. Red1 Qc3 19. Rac1 Qb2 20. Qg5 Rxd6 21.
Rxd6 O-O 22. Qe3 Qb5 23. Rcd1 h6 24. Qc3 a5 25. g3 Kh7 26. h4 Rb8 27. Rxe6 fxe6
28. Qxc4 Nf8 29. Rd6 Qb2 30. a4 Qa1 31. Rxc6 Rb4 32. Qd3 Qxa4 33. Rc8 Rd4 34.
Qf3 Nd7 35. Qf7 Nf6 36. Qxe6 Qd7 37. Qxe5 Rxe4 38. Qc3 Re1 39. Qxe1 Qxc8 40.
Bd3+ 1-0

[Event "1 division 2002/03"]
[Site "Denmark"]
[Date "2003.02.02"]
[Round "5.3"]
[White "Larsen, Steen Skovlund"]
[Black "Hoi, Carsten"]
[Result "1/2-1/2"]
[WhiteElo "2318"]
[BlackElo "2412"]
[PlyCount "22"]
[EventDate "2002.11.03"]
[EventType "team-tourn"]
[EventRounds "7"]
[EventCountry "DEN"]
[WhiteTeam "Sydkysten"]
[BlackTeam "Bronshoj"]
[WhiteTeamCountry "DEN"]
[BlackTeamCountry "DEN"]

1. d4 d5 2. Nf3 Nf6 3. c4 dxc4 4. Qa4+ c6 5. Qxc4 g6 6. g3 Bg7 7. Bg2 Be6 8.
Qa4 Qc8 9. O-O Bh3 10. Qb3 Bxg2 11. Kxg2 O-O 1/2-1/2

[Event "1 division 2002/03"]
[Site "Denmark"]
[Date "2003.02.02"]
[Round "5.4"]
[White "Bromann, Thorbjorn"]
[Black "Ejsing, Esben"]
[Result "1-0"]
[WhiteElo "2366"]
[BlackElo "2311"]
[PlyCount "75"]
[EventDate "2002.11.03"]
[EventType "team-tourn"]
[EventRounds "7"]
[EventCountry "DEN"]
[WhiteTeam "Bronshoj"]
[BlackTeam "Sydkysten"]
[WhiteTeamCountry "DEN"]
[BlackTeamCountry "DEN"]

1. e4 d6 2. d4 Nf6 3. Nc3 g6 4. Bg5 c6 5. Qd2 b5 6. Bd3 Nbd7 7. f4 h6 8. Bh4 e5
9. dxe5 dxe5 10. Nf3 b4 11. Nd1 Bd6 12. Ne3 exf4 13. Nc4 Be7 14. e5 Nd5 15.
Bxe7 Qxe7 16. O-O-O O-O 17. g3 Nc5 18. Nd4 Nxd3+ 19. Qxd3 Qc5 20. e6 Ba6 21.
exf7+ Kh7 22. b3 Rxf7 23. Rhf1 Bxc4 24. bxc4 Ne3 25. Nb3 Qf8 26. gxf4 Nxf1 27.
Rxf1 c5 28. Rg1 Qg7 29. Kb1 Rf5 30. Qd6 Raf8 31. Nxc5 Rxf4 32. Rd1 R8f6 33. Qd3
Qf7 34. Ne4 Re6 35. Nd6 Qc7 36. Qd5 Rxd6 37. Qxd6 Rxc4 38. Qe6 {Tid} 1-0

[Event "1 division 2002/03"]
[Site "Denmark"]
[Date "2003.02.02"]
[Round "5.7"]
[White "Pedersen, Hans Dahl"]
[Black "Varberg, Kenneth"]
[Result "1/2-1/2"]
[WhiteElo "2211"]
[BlackElo "2265"]
[PlyCount "96"]
[EventDate "2002.11.03"]
[EventType "team-tourn"]
[EventRounds "7"]
[EventCountry "DEN"]
[WhiteTeam "Sydkysten"]
[BlackTeam "Bronshoj"]
[WhiteTeamCountry "DEN"]
[BlackTeamCountry "DEN"]

1. c4 e5 2. g3 Nf6 3. Bg2 d5 4. cxd5 Nxd5 5. Nf3 Nc6 6. O-O Be7 7. d4 exd4 8.
Nxd4 Nxd4 9. Qxd4 Nf6 10. Qa4+ Qd7 11. Qb3 c6 12. Nc3 O-O 13. Bf4 Qe6 14. Qc2
Bd7 15. Rad1 Rad8 16. Rd2 Bc8 17. Rfd1 Rxd2 18. Qxd2 Re8 19. Qd4 a6 20. a3 Qb3
21. Rd2 h6 22. Bc7 Be6 23. Qb6 Rc8 24. Qxb3 Bxb3 25. Bb6 Be6 26. Ne4 Nxe4 27.
Bxe4 f5 28. Bf3 Kf7 29. h4 g6 30. e3 Ke8 31. Kf1 Bd8 32. Bxd8 Rxd8 33. Rxd8+
Kxd8 34. Ke2 Kc7 35. Kd3 Kd6 36. Kd4 c5+ 37. Kc3 Bd5 38. Be2 a5 39. Bd3 Be4 40.
Bb5 g5 41. hxg5 hxg5 42. Be8 g4 43. Kc4 b6 44. Kb5 Kc7 45. Kc4 Kb7 46. Bd7 Kc7
47. Be8 Bc6 48. Bg6 Be4 1/2-1/2

[Event "1 division 2002/03"]
[Site "Denmark"]
[Date "2003.02.02"]
[Round "5.2"]
[White "Pedersen, Jan"]
[Black "Nielsen, Poul Erik"]
[Result "1/2-1/2"]
[WhiteElo "2407"]
[BlackElo "2219"]
[PlyCount "58"]
[EventDate "2002.11.03"]
[EventType "team-tourn"]
[EventRounds "7"]
[EventCountry "DEN"]
[WhiteTeam "Aarhus"]
[BlackTeam "Nordre"]
[WhiteTeamCountry "DEN"]
[BlackTeamCountry "DEN"]

1. g3 g6 2. Bg2 Bg7 3. Nf3 d6 4. d4 Nc6 5. d5 Nb4 6. a3 Na6 7. O-O Nf6 8. b4 e6
9. dxe6 fxe6 10. Bb2 O-O 11. c4 Qe7 12. Nc3 c6 13. Qd3 e5 14. e4 Ne8 15. Nd1
Nac7 16. Ne3 Kh8 17. Nd2 a5 18. Nb3 a4 19. Nd2 Ne6 20. Rae1 N8c7 21. Nf3 b6 22.
Rd1 Rd8 23. Nd2 c5 24. Nd5 Nxd5 25. exd5 Nd4 26. Rde1 Bf5 27. Be4 Bh3 28. Bg2
Bf5 29. Be4 Bh3 1/2-1/2

[Event "1 division 2002/03"]
[Site "Denmark"]
[Date "2003.02.02"]
[Round "5.3"]
[White "Hoiberg, Nina"]
[Black "Pedersen, Daniel V"]
[Result "0-1"]
[WhiteElo "2248"]
[BlackElo "2344"]
[PlyCount "118"]
[EventDate "2002.11.03"]
[EventType "team-tourn"]
[EventRounds "7"]
[EventCountry "DEN"]
[WhiteTeam "Nordre"]
[BlackTeam "Aarhus"]
[WhiteTeamCountry "DEN"]
[BlackTeamCountry "DEN"]

1. e4 e5 2. Nf3 Nc6 3. d4 exd4 4. Bc4 Nf6 5. e5 Ng4 6. Bf4 d6 7. Qe2 Ngxe5 8.
Bb5 Be7 9. Nxe5 dxe5 10. Bxc6+ bxc6 11. Qxe5 O-O 12. O-O Ba6 13. Re1 Re8 14.
Nd2 Bb4 15. Qxe8+ Qxe8 16. Rxe8+ Rxe8 17. Nf3 Bd6 18. Bxd6 cxd6 19. Nxd4 c5 20.
Nf3 f6 21. Re1 Rxe1+ 22. Nxe1 Kf7 23. f4 Ke6 24. Kf2 d5 25. Nd3 Kd6 26. Ke3 d4+
27. Kd2 Bb7 28. g3 Bd5 29. a3 c4 30. Nf2 Kc5 31. Nh3 Bg2 32. Nf2 Bd5 33. Nh3
Bf3 34. Nf2 Kb5 35. b3 f5 36. bxc4+ Kxc4 37. Nd3 Bb7 38. Nb2+ Kd5 39. Nd3 a5
40. Nf2 Ba6 41. Nd3 Bb5 42. Nf2 Bf1 43. Nd3 Ke4 44. Nc5+ Kd5 45. Nd3 h6 46. Nf2
Kc4 47. Nd1 Kd5 48. Nf2 g5 49. fxg5 hxg5 50. h4 f4 51. hxg5 fxg3 52. Ke1 Bg2
53. Nd3 Kc4 54. Nf4 Be4 55. g6 Bxc2 56. g7 Bh7 57. Nh5 g2 58. Kf2 d3 59. Nf6 d2
0-1

[Event "1 division 2002/03"]
[Site "Denmark"]
[Date "2003.02.02"]
[Round "5.4"]
[White "Andersen, Jackie"]
[Black "Christensen, Jan"]
[Result "1/2-1/2"]
[WhiteElo "2274"]
[BlackElo "2214"]
[PlyCount "63"]
[EventDate "2002.11.03"]
[EventType "team-tourn"]
[EventRounds "7"]
[EventCountry "DEN"]
[WhiteTeam "Aarhus"]
[BlackTeam "Nordre"]
[WhiteTeamCountry "DEN"]
[BlackTeamCountry "DEN"]

1. d4 Nf6 2. Nf3 c5 3. c3 g6 4. Bf4 Bg7 5. e3 O-O 6. Nbd2 cxd4 7. cxd4 d5 8.
Bd3 Nc6 9. a3 Nd7 10. O-O e5 11. dxe5 Ndxe5 12. Nxe5 Nxe5 13. Be2 Bf5 14. Qb3
Qe7 15. Rac1 d4 16. e4 d3 17. exf5 dxe2 18. Rfe1 Nc6 19. Nf3 Rfe8 20. fxg6 hxg6
21. Be3 Rac8 22. Rxe2 Na5 23. Qd1 Nc4 24. Rb1 Bh6 25. Qb3 Nxe3 26. fxe3 Bxe3+
27. Kh1 Rc6 28. Rbe1 Re6 29. Qd3 f5 30. Nd4 Re4 31. Nc2 Bb6 32. Rxe4 1/2-1/2

[Event "1 division 2002/03"]
[Site "Denmark"]
[Date "2003.02.02"]
[Round "5.5"]
[White "Petersen, Tom Petri"]
[Black "Husted, Peter"]
[Result "1/2-1/2"]
[WhiteElo "2146"]
[BlackElo "2191"]
[PlyCount "74"]
[EventDate "2002.11.03"]
[EventType "team-tourn"]
[EventRounds "7"]
[EventCountry "DEN"]
[WhiteTeam "Nordre"]
[BlackTeam "Aarhus"]
[WhiteTeamCountry "DEN"]
[BlackTeamCountry "DEN"]

1. g3 d5 2. Bg2 c6 3. d3 e5 4. Nf3 Nd7 5. O-O Ngf6 6. b3 Bd6 7. Nbd2 O-O 8. e4
Re8 9. Re1 Nf8 10. Bb2 Ng6 11. c3 a5 12. Qc2 dxe4 13. dxe4 Bc5 14. h3 h5 15.
Nf1 h4 16. Kh2 Nh7 17. Rad1 Qb6 18. Re2 Be6 19. Bc1 hxg3+ 20. fxg3 Rad8 21.
Rxd8 Rxd8 22. Be3 Rd7 23. Bxc5 Qxc5 24. Ne3 f6 25. h4 Ne7 26. Bh3 Bxh3 27. Kxh3
Qd6 28. Rd2 Qe6+ 29. Kg2 b6 30. Nc4 Nc8 31. Qd1 Nf8 32. Kf2 Rxd2+ 33. Qxd2 Nd7
34. Kg2 Kf7 35. Qe3 a4 36. Nfd2 axb3 37. axb3 Ke7 1/2-1/2